|
|
|
|
| LEADER |
00000cab a2200000 a 4500 |
| 001 |
vtls011583010 |
| 003 |
SK-MaSNL |
| 005 |
20260421042654.0 |
| 008 |
171110c2016 xo er p 000 c0ukr |
| 015 |
|
|
|a SNBRB2016/09
|
| 038 |
|
|
|a SVKPOCL
|
| 040 |
|
|
|a SVKPOCL
|b slo
|c SVKPOCL
|d SVKPOCL
|e AACR2
|
| 041 |
0 |
|
|a ukr
|
| 044 |
|
|
|a xo
|c SK
|
| 080 |
|
|
|a 80(=16)+908(4)
|2 2011
|
| 080 |
|
|
|a 80(=161.2)+908(477)
|2 2011
|
| 080 |
|
|
|a 821.161.2(437.6)
|2 2011
|
| 080 |
|
|
|a 821.161.2(437.6)-051
|2 2011
|
| 080 |
|
|
|a 81'25-051
|2 2011
|
| 080 |
|
|
|a 82-95-051
|2 2011
|
| 080 |
|
|
|a 929 Galajda, Eliáš
|2 2011
|
| 100 |
1 |
|
|a Iľuk, Miroslav,
|d 1942-
|4 aut
|9 6395
|
| 245 |
1 |
0 |
|a Illi Halajdovi - 85
|c Myroslav Iljuk
|
| 300 |
|
|
|b Fotogr.
|
| 500 |
|
|
|a Iljuk, Myroslav pozri Iljuk, Miroslav
|
| 500 |
|
|
|a Halajda, Illja pozri Galajda, Eliáš
|
| 500 |
|
|
|a Článok obsahuje aj úryvok z básne E. Galajdu Červona šypšyna na čornij meži ...
|
| 600 |
1 |
7 |
|a Galajda, Eliáš,
|d 1931-2017
|2 svkpocl
|9 109766
|
| 650 |
0 |
7 |
|a osobnosti
|2 snkbucl
|9 29820
|
| 650 |
0 |
7 |
|a ukrajinská literatúra
|z Slovensko
|2 svkpocl
|9 306583
|
| 650 |
0 |
7 |
|a ukrajinskí spisovatelia
|2 svkpocl
|9 66678
|
| 650 |
0 |
7 |
|a prekladatelia
|2 svkpocl
|9 56923
|
| 650 |
0 |
7 |
|a literárni kritici
|2 svkpocl
|9 89457
|
| 650 |
0 |
7 |
|a slavistika
|2 svkpocl
|9 4282
|
| 650 |
0 |
7 |
|a ukrajinistika
|2 svkpocl
|9 51200
|
| 651 |
|
7 |
|a Čertižné (Slovensko)
|2 svkpocl
|9 51198
|
| 651 |
|
7 |
|a Medzilaborce (Slovensko : okres)
|2 svkpocl
|9 29394
|
| 651 |
|
7 |
|a Humenné (Slovensko)
|2 svkpocl
|9 19199
|
| 651 |
|
7 |
|a Moskva (Rusko)
|2 svkpocl
|9 17405
|
| 651 |
|
7 |
|a Prešov (Slovensko)
|2 svkpocl
|9 17347
|
| 655 |
|
7 |
|a biografie
|2 svkpocl
|9 27965
|
| 740 |
0 |
2 |
|a Červona šypšyna na čornij meži ...
|
| 773 |
0 |
|
|t Nove žyttja
|g Roč. 66, č. 15 (2016), s. 2
|
| 852 |
|
|
|a SVKPO
|b KIS3GCP
|
| 958 |
|
|
|a UK
|
| 958 |
|
|
|a SK
|
| 958 |
|
|
|a SS
|
| 958 |
|
|
|a LX
|
| 958 |
|
|
|a BX
|
| 958 |
|
|
|a RU
|
| 999 |
|
|
|c 3255085
|d 3257015
|